Statistics for Countries Closest to New York City

Click here to take the quiz!

General Stats

  • This quiz has been taken 1,076 times
    (1,054 since last reset)
  • The average score is 18 of 20

Answer Stats

Distance (km)Distance (mi)Country% Correct
416258Canada
100%
2,4461,520Mexico
99%
2,0341,264Cuba
97%
00United States
97%
1,239770United Kingdom / Bermuda
96%
1,545960Bahamas
94%
2,2891,422Haiti
93%
2,3181,440Dominican Republic
92%
1,567974France / Saint-Pierre and Miquelon
92%
2,4871,546Jamaica
92%
2,9241,817Guatemala
89%
3,0321,884Dominica
87%
2,8181,751Belize
86%
2,7511,710Honduras / Swan Islands
85%
2,7971,738Saint Kitts and Nevis
85%
2,8291,758Denmark / Greenland
83%
2,8021,741Antigua and Barbuda
80%
2,9831,854Nicaragua
78%
2,7211,691Netherlands / Sint Marteen
76%
2,7891,733Colombia / San Andres and Providencia
49%

Score Distribution

Percentile by Number Answered

Percent of People with Each Score

Your Score History

You have not taken this quiz since the last reset